Tabliczka mnożenia do 10000 losowe działania - Statystyki

Ogólne statystyki
  • Ten quiz został rozwiązany 237 razy
  • Średni wynik to 5 z 6
Statystyki odpowiedzi
Działanie Odpowiedź % Poprawnych
1110x6= 6660
97%
2x1111= 2222
95%
5551x1= 5551
92%
3319x2= 6638
87%
827x3= 2481
82%
891x11= 9801
69%
Nie znaleziono quizów pasujących do podanych kryteriów
Rozkład punktacji
Procent ludzi z każdym wynikiem
Percentyl według liczby udzielonych odpowiedzi
Twoja historia wyników
Nie rozwiązałeś tego quizu